000 00739nam a22002057a 4500
999 _c3507
_d3507
003 AR-CdUCM
008 190306b ||||| |||| 00| 0 spa d
040 _aMUNICIPALIDAD PROVINCIAL DEL CUSCO
_cBIBLIOTECA MUNICIPAL DEL CUSCO
082 _22ed.
_a373.34 /
_bD71
100 _aDienes, Z. P.
_911518
245 _aLa matemática moderna en la enseñanza primaria /
260 _aBarcelona :
_bTilde,
_c1969.
300 _a98 páginas ;
_c18 cm.
505 _aConjuntos y operaciones con conjuntos -- Atributos y operaciones lógicas -- El número y el origen de su notación...
650 _aPedagogía,
_91560
650 _aMatemáticas.
_99398
650 _aEnseñanza primaria.
_95213
942 _2ddc
_cLIBROS
945 _awfj
_d2019-03-06